00462nam a2200169Ia 4500001001000000003000500010008004100015010001100056040000900067082001700076100002900093245007100122260002900193300001100222650001800233650004100251Para_2287CHAP220125s1996 xx 000 0 und d a200870 cCHAP aPA 635.92 V5 aVillalva Quintana, Sonia aPlagas y enfermedades de jardines /c por Sonia Villalva Quintana aMadrid :b Mundi-Prensa a192 p. aJardinería  aPlantas ornamentales x enfermedades